<?xml version="1.0" encoding="UTF-8"?><?xml-stylesheet type="text/xsl" href="static/style.xsl"?><OAI-PMH xmlns="http://www.openarchives.org/OAI/2.0/" xmlns:xsi="http://www.w3.org/2001/XMLSchema-instance" xsi:schemaLocation="http://www.openarchives.org/OAI/2.0/ http://www.openarchives.org/OAI/2.0/OAI-PMH.xsd"><responseDate>2026-04-17T19:14:11Z</responseDate><request verb="GetRecord" identifier="oai:www.recercat.cat:10230/12803" metadataPrefix="marc">https://recercat.cat/oai/request</request><GetRecord><record><header><identifier>oai:recercat.cat:10230/12803</identifier><datestamp>2025-12-17T20:25:41Z</datestamp><setSpec>com_2072_6</setSpec><setSpec>col_2072_452954</setSpec></header><metadata><record xmlns="http://www.loc.gov/MARC21/slim" xmlns:dcterms="http://purl.org/dc/terms/" xmlns:xsi="http://www.w3.org/2001/XMLSchema-instance" xmlns:doc="http://www.lyncode.com/xoai" xsi:schemaLocation="http://www.loc.gov/MARC21/slim http://www.loc.gov/standards/marcxml/schema/MARC21slim.xsd">
   <leader>00925njm 22002777a 4500</leader>
   <datafield ind2=" " ind1=" " tag="042">
      <subfield code="a">dc</subfield>
   </datafield>
   <datafield ind2=" " ind1=" " tag="720">
      <subfield code="a">Vilalta Conesa, Helena</subfield>
      <subfield code="e">author</subfield>
   </datafield>
   <datafield ind2=" " ind1=" " tag="260">
      <subfield code="c">2012-07-11T01:54:35Z</subfield>
   </datafield>
   <datafield ind2=" " ind1=" " tag="260">
      <subfield code="c">2012-07-11T01:54:35Z</subfield>
   </datafield>
   <datafield ind2=" " ind1=" " tag="260">
      <subfield code="c">2011-09-30</subfield>
   </datafield>
   <datafield ind2=" " ind1=" " tag="260">
      <subfield code="c">2012-07-10T07:27:36Z</subfield>
   </datafield>
   <datafield ind2=" " ind1=" " tag="520">
      <subfield code="a">Este trabajo parte de la hipótesis de que el intervalo es un concepto clave para analizar de qué modo algunos artistas contemporáneos están interviniendo en las formas cinematográficas. Para ello, se propone un análisis comparativo de tres retratos  fílmicos recientes que representan distintas formas de trabajo: el industrial (Sharon   Lockhart), el intelectual (Rodney Graham) y el artístico (Manon de Boer). De este modo, esta investigación se centra en la relación entre la representación del trabajo, el trabajo de representación y el trabajo de interpretación del espectador. La propuesta de este estudio, al fin, es que mientras la teoría soviética del intervalo implica un movimiento hacia una resolución, estas intervenciones contemporáneas en el espacio del intervalo inducen, por el contrario, una fisura o un espacio de no-resolución que cuestiona la economía del tiempo propia de una sociedad post-fordista, en la que el tiempo del consumo y de la producción parecen haber invadido todas las esferas de la vida.</subfield>
   </datafield>
   <datafield tag="653" ind2=" " ind1=" ">
      <subfield code="a">Lockhart, Sharon</subfield>
   </datafield>
   <datafield tag="653" ind2=" " ind1=" ">
      <subfield code="a">Graham, Rodney</subfield>
   </datafield>
   <datafield tag="653" ind2=" " ind1=" ">
      <subfield code="a">Boer, Manon de</subfield>
   </datafield>
   <datafield ind2="0" ind1="0" tag="245">
      <subfield code="a">De la representación del trabajo al trabajo de representación. Manifestaciones contemporáneas del intervalo en películas de Sharon Lockhart, Rodney Graham y Manon de Boer</subfield>
   </datafield>
</record></metadata></record></GetRecord></OAI-PMH>